Raumwirksamkeit regionalpolitischer Massnahmen, insbesondere der EG-Regionalpolitik <Das> Beispiel der Region Kalabrien (Italien) und die Übertragung von Erfahrungen auf die Region Alentejo (Portugal)
Salvato in:
| Autore principale: | |
|---|---|
| Natura: | Libro |
| Lingua: | tedesco |
| Pubblicazione: |
Frankfurt am Main
Lang
1988
|
| Edizione: | 1. Aufl. |
| Soggetti: | |
| Tags: |
Nessun Tag, puoi essere il primo ad aggiungerne!!
|
MARC
| LEADER | 00000nam a2200000 4500 | ||
|---|---|---|---|
| 001 | c000569 | ||
| 005 | 20221219111741.0 | ||
| 020 | |a 3-8204-1506-8 | ||
| 041 | 0 | |a ger | |
| 044 | |a DE | ||
| 245 | 1 | 0 | |a Raumwirksamkeit regionalpolitischer Massnahmen, insbesondere der EG-Regionalpolitik |b <Das> Beispiel der Region Kalabrien (Italien) und die Übertragung von Erfahrungen auf die Region Alentejo (Portugal) |c Maria Rosário do Costa-Schott |
| 250 | |a 1. Aufl. | ||
| 264 | 1 | |a Frankfurt am Main |b Lang |c 1988 | |
| 300 | |a 316 s. |e príl. 7 mp. | ||
| 610 | 2 | 0 | |a Európske spoločenstvá |
| 610 | 2 | 0 | |a politika regionálna |
| 610 | 2 | 0 | |a Taliansko |
| 610 | 2 | 0 | |a Portugalsko |
| 610 | 2 | 0 | |a geografia hospodárska |
| 610 | 2 | 0 | |a regióny |
| 610 | 2 | 0 | |a trh práce |
| 100 | 1 | |a Costa-Schott, Maria Rosário do | |